Democratic National Convention records, (Record no. 43750)
[ view plain ]
| 000 -LEADER | |
|---|---|
| fixed length control field | 00893cpcaa2200265 4500 |
| 001 - CONTROL NUMBER | |
| control field | mm 82082594 |
| 003 - CONTROL NUMBER IDENTIFIER | |
| control field | DLC |
| 005 - DATE AND TIME OF LATEST TRANSACTION | |
| control field | 20260227111717.0 |
| 008 - FIXED-LENGTH DATA ELEMENTS--GENERAL INFORMATION | |
| fixed length control field | 820519|||||||||||| eng |
| 010 ## - LIBRARY OF CONGRESS CONTROL NUMBER | |
| LC control number | mm 82082594 |
| 040 ## - CATALOGING SOURCE | |
| Original cataloging agency | DLC |
| Transcribing agency | DLC |
| Description conventions | dacs |
| Modifying agency | DLC |
| 072 #7 - SUBJECT CATEGORY CODE | |
| Subject category code | N |
| Source | lcmd |
| 111 2# - MAIN ENTRY--MEETING NAME | |
| Meeting name or jurisdiction name as entry element | Democratic National Convention. |
| 245 00 - TITLE STATEMENT | |
| Title | Democratic National Convention records, |
| Inclusive dates | 1840-1860. |
| 300 ## - PHYSICAL DESCRIPTION | |
| Extent | 1 |
| Type of unit | item. |
| 300 ## - PHYSICAL DESCRIPTION | |
| Extent | 1 |
| Type of unit | container. |
| 300 ## - PHYSICAL DESCRIPTION | |
| Extent | 0.2 |
| Type of unit | linear feet. |
| 506 0# - RESTRICTIONS ON ACCESS NOTE | |
| Terms governing access | Open to research. |
| 520 8# - SUMMARY, ETC. | |
| Summary, etc. | Typescript of proceedings for 1840, 1844, and 1860. |
| 533 ## - REPRODUCTION NOTE | |
| Type of reproduction | Typescript. |
| Place of reproduction | [S.l.]. |
| 546 ## - LANGUAGE NOTE | |
| Language note | Collection material in English. |
| 610 20 - SUBJECT ADDED ENTRY--CORPORATE NAME | |
| Corporate name or jurisdiction name as entry element | Democratic Party (U.S.) |
| 651 #0 - SUBJECT ADDED ENTRY--GEOGRAPHIC NAME | |
| Geographic name | United States |
| General subdivision | Politics and government |
| Chronological subdivision | 1815-1861. |
No items available.